<?xml version="1.0" encoding="UTF-8"?><?xml-stylesheet type="text/xsl" href="static/style.xsl"?><OAI-PMH xmlns="http://www.openarchives.org/OAI/2.0/" xmlns:xsi="http://www.w3.org/2001/XMLSchema-instance" xsi:schemaLocation="http://www.openarchives.org/OAI/2.0/ http://www.openarchives.org/OAI/2.0/OAI-PMH.xsd"><responseDate>2026-04-13T01:40:18Z</responseDate><request verb="GetRecord" identifier="oai:www.recercat.cat:2117/346630" metadataPrefix="marc">https://recercat.cat/oai/request</request><GetRecord><record><header><identifier>oai:recercat.cat:2117/346630</identifier><datestamp>2025-07-23T04:02:07Z</datestamp><setSpec>com_2072_1033</setSpec><setSpec>col_2072_452951</setSpec></header><metadata><record xmlns="http://www.loc.gov/MARC21/slim" xmlns:dcterms="http://purl.org/dc/terms/" xmlns:xsi="http://www.w3.org/2001/XMLSchema-instance" xmlns:doc="http://www.lyncode.com/xoai" xsi:schemaLocation="http://www.loc.gov/MARC21/slim http://www.loc.gov/standards/marcxml/schema/MARC21slim.xsd">
   <leader>00925njm 22002777a 4500</leader>
   <datafield ind2=" " ind1=" " tag="042">
      <subfield code="a">dc</subfield>
   </datafield>
   <datafield ind2=" " ind1=" " tag="720">
      <subfield code="a">Muñoz Morera, Elena</subfield>
      <subfield code="e">author</subfield>
   </datafield>
   <datafield ind2=" " ind1=" " tag="260">
      <subfield code="c">2020-07-20</subfield>
   </datafield>
   <datafield ind2=" " ind1=" " tag="520">
      <subfield code="a">El Artist Branding es lo que hace que un artista sea reconocido entre miles existentes en la industria musical. Cuando eres un artista que muestra sus productos musicales al resto del mundo, queremos que sean lo más especiales para captar la atención del público, esto se consigue mediante el reconocimiento: ser capaz de ver algo y reconocerlo como tu marca personal. Con este proyecto, queremos demostrar el gran impacto que tienen las identidades visuales en nuestro día a día: desde el mercado, hasta la cultura y la sociedad actual; y más específicamente, el Artist Branding. Por esto, escogimos una artista que está actualmente en auge, y realizamos su Artist Branding desde los pocos recursos y referencias de los productos ya existentes de este, mediante la dirección de arte. El escenario propuesto es la realización de un nuevo supuesto álbum, en el que se llevará a cabo la realización del logotipo, de todo el packaging del CD Case, merchandising y promoción online, entre otros. A todo esto, se le aplicarán diferentes disciplinas: diseño gráfico, ilustración, animación, edición de vídeo, programación y marketing. La situación de trabajo se dará en una supuesta oficina, donde se trabaje con ordenador y tabletas gráficas, usando programas como Photoshop, Adobe After Effects, Illustrator y Adobe Premiere, principalmente. Como directora de arte, tuve que hacer una gran investigación sobre el artista que voy a trabajar, para luego saber cómo plasmar sus ideologías e imagen de forma visual, ya que no pude estar en contacto directo con este artista. Mucho de este trabajo requiere prueba y error, pueden surgir nuevas ideas y conceptos, y deberás de ser lo suficientemente flexible como para adaptarte a todos estos cambios para poder obtener el mejor resultado posible de tu producto. Poder asumir los riesgos y adaptarse a los cambios que puedan surgir durante la fase de producción conlleva una gran responsabilidad y trabajo, siempre que estés dispuesto a dar lo mejor de ti y conseguir el resultado óptimo para tu proyecto. Cabe decir que la realización de este proyecto ha sido muy satisfactoria, ya que puedes ver por ti mismo cómo tu producto va tomando forma. También, se ha adquirido un conocimiento mucho mayor sobre dirección de arte y manejo de programas, cosa que es muy útil para un futuro laboral</subfield>
   </datafield>
   <datafield tag="653" ind2=" " ind1=" ">
      <subfield code="a">Àrees temàtiques de la UPC::So, imatge i multimèdia::Creació multimèdia</subfield>
   </datafield>
   <datafield tag="653" ind2=" " ind1=" ">
      <subfield code="a">Artists' marks</subfield>
   </datafield>
   <datafield tag="653" ind2=" " ind1=" ">
      <subfield code="a">Commercial art</subfield>
   </datafield>
   <datafield tag="653" ind2=" " ind1=" ">
      <subfield code="a">Marketing</subfield>
   </datafield>
   <datafield tag="653" ind2=" " ind1=" ">
      <subfield code="a">Adobe Photoshop</subfield>
   </datafield>
   <datafield tag="653" ind2=" " ind1=" ">
      <subfield code="a">Video tapes -- Editing</subfield>
   </datafield>
   <datafield tag="653" ind2=" " ind1=" ">
      <subfield code="a">Artist Branding</subfield>
   </datafield>
   <datafield tag="653" ind2=" " ind1=" ">
      <subfield code="a">Identidad Visual</subfield>
   </datafield>
   <datafield tag="653" ind2=" " ind1=" ">
      <subfield code="a">Diseño Gráfico</subfield>
   </datafield>
   <datafield tag="653" ind2=" " ind1=" ">
      <subfield code="a">Ilustración</subfield>
   </datafield>
   <datafield tag="653" ind2=" " ind1=" ">
      <subfield code="a">Edición de Vídeo</subfield>
   </datafield>
   <datafield tag="653" ind2=" " ind1=" ">
      <subfield code="a">Marketing</subfield>
   </datafield>
   <datafield tag="653" ind2=" " ind1=" ">
      <subfield code="a">Mockups</subfield>
   </datafield>
   <datafield tag="653" ind2=" " ind1=" ">
      <subfield code="a">Dirección de arte</subfield>
   </datafield>
   <datafield tag="653" ind2=" " ind1=" ">
      <subfield code="a">Adoble Photoshop</subfield>
   </datafield>
   <datafield tag="653" ind2=" " ind1=" ">
      <subfield code="a">Adobe Premiere Pro</subfield>
   </datafield>
   <datafield tag="653" ind2=" " ind1=" ">
      <subfield code="a">Artistes -- Signatures</subfield>
   </datafield>
   <datafield tag="653" ind2=" " ind1=" ">
      <subfield code="a">Grafisme</subfield>
   </datafield>
   <datafield tag="653" ind2=" " ind1=" ">
      <subfield code="a">Màrqueting</subfield>
   </datafield>
   <datafield tag="653" ind2=" " ind1=" ">
      <subfield code="a">Adobe Photoshop</subfield>
   </datafield>
   <datafield tag="653" ind2=" " ind1=" ">
      <subfield code="a">Cintes de vídeo -- Edició</subfield>
   </datafield>
   <datafield ind2="0" ind1="0" tag="245">
      <subfield code="a">"97" by Rico Nasty</subfield>
   </datafield>
</record></metadata></record></GetRecord></OAI-PMH>